El horrible sueño de harriet y otros cuentos de terror /

Guardado en:
Autor Principal: Horowitz, Anthony
Otros Autores: Peláez, Ricardo; il., Vinos, María; trad.
Formato: Libro
Publicado: Buenos Aires : Fondo de Cultura Económica, 2014
Materias:
Etiquetas: Agregar Etiqueta
Sin Etiquetas, Sea el primero en etiquetar este registro!
LEADER 01075nam a22002655a 4500
001 CEM.cems015180
008 130507s2014##################000#0#####d
005 20260616151331.0
245 1 0 |a El horrible sueño de harriet y otros cuentos de terror /  |c Anthony Horowitz ; ilustrado Por Ricardo Peláez ; traducido Por María Vinos 
260 |a Buenos Aires :  |b Fondo de Cultura Económica,  |c 2014 
300 |a 160 p. 
505 0 |a La cámara asesina -- Relámpago -- Una carrera en juegos de computadora -- El hombre de la cara amarilla -- La ruta nocturna -- El horrible sueño de Harriet -- Espanto -- Hora de bañarse 
020 |a 9789877190557 
100 1 |a Horowitz, Anthony 
700 1 |a Peláez, Ricardo; il. 
700 1 |a Vinos, María; trad. 
082 0 4 |a 823.8 
653 |a Literatura 
653 |a Literatura inglesa 
653 |a Literatura infantil 
653 |a Cuentos infantiles 
653 |a Colección ciencias de la educación 
653 |a Terror 
653 |a Cuentos de terror 
859 |a CEMS  |b BIB. CEMS - Ccias. Educacion  |h 823.8LS1  |i H785  |k CE  |p 28326.19  |t Ej.1